Datum a čas kvízu
32
Celkem bodů
Celkový počet nahraných bodů na tomto kvízu bez doplňovacích otázek.
2.
Pořadí na kvízu
Konečné umístění týmu na tomto kvízu.
Zaznamenané odpovědi
| # | Otázka | Odpověď | Body | Výsledky |
|---|---|---|---|---|
| 1. | V mnohých domácnostech na Chom... | Zásilkovna | 1 | |
| 2. | Minulý týden jsme se dozvěděli... | Kousl ji kůň. | 0 | |
| 3. | Česká televize odtajnila někte... | Václav Neužil | 1 | |
| 4. | V ulicích 38tisícového Vernier... | C) vystavování venkovní reklamy | 0 | |
| 5. | Po pouhých dvou kolech nové li... | František Straka | 1 | |
| 6. | Napište italský název tohoto t... | radiatori | 1 | |
| 7. | Zelené části brambor by se nem... | solanin | 0 | |
| 8. | Nyní se zaměříme naopak na lát... | pohanka | 0 | |
| 9. | Zobrazený tenký měkký chléb je... | lavaš | 0 | |
| 10. | Pod kterým jednoslovným názvem... | quinoa | 1 |